000 01242nam a2200313 i 4500
003 EG-GICUC
005 20260121101452.0
008 251211s2003 ua ||||fr|||| 000 0 ara d
040 _a EG-GICUC
_bara
_c EG-GICUC
_d EG-GICUC
_erda
041 0 _aara
082 0 4 _221
_a254.2
_bج م . خ
092 0 4 _221
099 _aLaw1 01 254.2 ج م . خ 2003
100 0 _aجمال عبدالوهاب عبدالغفار.
_eمؤلف.
245 1 2 _aالخلع في الشريعة الإسلامية :
_bدراسة فقهية مقارنة /
_cإعداد الدكتور جمال عبدالوهاب عبدالغفار.
264 1 _aالاسكندرية :
_bدار الجامعة الجديدة,
_c2003.
300 _a235 صفحة, صفحات غير مرقمة ؛
_c24 سم.
336 _2rda content
_atext
337 _2rda media
_aComputer
338 _2rda carrier
_aOnline Resource
504 _a. 232-223ببليوجرافيا: صفحات.
504 _aيشتمل على إرجاعات ببليوجرافية.
546 _aالنص باللغة العربية
650 1 _aالطلاق
_2qrmak
651 1 _2qrmak
856 4 0 _uhttps://fll.law.cu.edu.eg/fulltext/bks/B01-03213.pdf
905 _a62
_eYara
942 _2ddc
_cBK
_e21
_n0
999 _c49835
_d49835